000 00915cam a2200337 4500500
005 20260405003411.0
041 _afre
042 _adc
100 1 0 _aLegros, Martin
_eauthor
245 0 0 _a“Ne pas nuire à autrui !” Quand John Stuart Mill borne la liberté
260 _c2021.
500 _a29
690 _aAliénation
690 _aAutrui
690 _aCovid
690 _aDanger
690 _aÉtat
690 _aIndividu
690 _aIngérence
690 _aJohn Stuart Mill
690 _aLiberté
690 _aLimite
690 _aMartin Legros
690 _aMorale
690 _aNégociation
690 _aPasse sanitaire
690 _aRisque
690 _aViolence
786 0 _nPhilosophie magazine | 154 | 11 | 2021-11-01 | p. 26-28 | 1951-1787
856 4 1 _uhttps://shs.cairn.info/magazine-philosophie-magazine-2021-11-page-26?lang=fr&redirect-ssocas=7080
999 _c2067175
_d2067175